000 00612nam a2200169 4500
001 113854
003 ES-MaACL
005 20230906190023.0
007 t|
008 061121s1958 sp r ||||1| spa d
100 1 _aPadrón Acosta, Sebastián.
_988211
245 1 3 _aEl ingeniero Agustín de Béthencourt y Molina /
_cSebastián Padrón Acosta.
260 _aLa Laguna (Tenerife) :
_bConsejo Superior de Investigaciones Científicas, Instituto de Estudios Canarios,
_c1958.
300 _a50 p. 6 láms. ;
_c24 cm.
710 2 _aInstituto de Estudios Canarios.
_94891
852 _aES-MaACL
_j2009-F-15
_bR.43584
999 _c113854
_d113854